000 01492nam a22002537a 4500
001 BRCA_9287
003 FranzMayer
005 20230724112435.0
008 230724b |||||||| |||| 00| 0 eng d
040 _aMFM
_besp
_cMFM
050 4 _aLE44
_bL36 1781
082 _2PQ6042.A2
100 1 _4autor
_aLampillas D. Saverio
_928933
240 1 _aSaggio storico-apologetico della letteratura spagnuola. Contro le pregiudicate opinioni di alcuni moderni Scrittori Italiani
_hParte II Della letteratura moderna. Tomo III
_lItaliano
245 0 _aSaggio storico-apologetico della letteratura spagnuola. Contro le pregiudicate opinioni di alcuni moderni Scrittori Italiani
_bParte II Della letteratura moderna. Tomo III
260 _aGenova, Italia
_bPresso Felice Respetto in Cannezo
_c1781
300 _a310 p
_c20 cm
440 _aSaggio storico-apologetico della letteratura spagnuola. Contro le pregiudicate opinioni di alcuni moderni Scrittori Italiani
_nParte II Della letteratura moderna. Tomo III
_pParte II
_vTomo III
_928934
500 _aCon daño por insectos y bacterias en varias páginas del libro, provocando que las hojas tengan perforaciones irregulares.
505 0 _aTexto en: italianoDirigido a: literatos, estudiosos, filólogos y traductoresIncluye índice temático
650 1 _2Literatura española
_aEstudios de la literatura
_vHistoria de la literatura española
_928935
651 2 _2Lengua española
_aDebates sobre la lengua
_vSiglo XVIII
_928936
942 _2lcc
_cB
999 _c10907
_d10907